Sports Quiz

Random Sports or Hockey Quiz

No Mistake! Never Relocated (NHL) Quiz Stats

 Plays Quiz Updated Oct 2, 2019

Support Sporcle.
Go Orange.
Score 0/24 Timer 06:00
6 Plays Today
% Correct
???
83.6%
???
82.3%
???
82%
???
64.1%
???
62.6%
???
62.2%
???
62.2%
???
61.4%
???
61.3%
???
61%
???
60.8%
???
59.6%
% Correct
???
56.5%
???
53.5%
???
48.5%
???
48.5%
???
46.3%
???
45.3%
???
44.5%
???
44.1%
???
42.3%
???
39.8%
???
39.7%
???
37.8%

You're not logged in!

Compare scores with friends on all Sporcle quizzes.
OR
Log In

From the Vault

NOT a US Federal Holiday

by Spacemaniac

The decoy answers might not be REAL holidays, but that doesn't mean you shouldn't celebrate them.
Remove Ads.
Support Sporcle.
Get the best of Sporcle when you Go Orange. This ad-free experience offers more features, more stats, and more fun while also helping to support Sporcle. Thank you for becoming a member.

Show Comments

Extras

Top Quizzes Today


Score Distribution

Your Account Isn't Verified!

In order to create a playlist on Sporcle, you need to verify the email address you used during registration. Go to your Sporcle Settings to finish the process.

Report this User

Report this user for behavior that violates our Community Guidelines.

Details: